000 00763nam a2200217 4500
001 VA45138
003 ES-SlBCS
005 20220920203052.0
008 140520s1997 xxu||||| |||| 00| 0 spa d
017 _aS.105-1997
020 _a84-8260-026-5
041 _aspa
100 1 _aBarrado Barquilla, José
_94085
245 1 0 _aLos Dominicos y el Nuevo mundo. Siglos XIX-XX
_b:Actas del Vº Congreso Internacional. Querétaro, (México) 4-8 septiembre 1995
_cJosé Barrado Barquilla; Santiago Rodríguez,
260 _aSalamanca :
_bSan Esteban
_c, 1997
300 _a681 p.;
_c24 cm
490 0 _aMonumenta Historica Iberoamericana de la Orden de Predicadores
_v13
610 2 4 _aDominicos-América
_9331057
700 1 _aRodríguez, Santiago
_97646
942 _cBK
999 _c824188
_d824188